Statistiques concernant Joueurs de Football les plus décorés

Cliquez ici pour prendre le quiz!

Statistiques générales

  • Ce quiz a été pris 164 fois
  • Le résultat moyen est 5 sur 14

Statistiques - réponses

Nombre de
trophées
Joueur% Correct
44Lionel Messi
99%
35Cristiano Ronaldo
98%
37Andres Iniesta
62%
44Dani Alves
62%
33Xavi
61%
33Karim Benzema
45%
37Maxwell
11%
36Sergio Busquets
11%
37Gerard Pique
9%
32Zlatan Ibrahimovic
5%
36Ryan Giggs
2%
35Kenny Dalglish
1%
39Hossam Ashour
0%
34Vitor Baia
0%

Distribution des résultats

Percentile par nombre de réponses

% des personnes avec chaque résultat

Votre développement - résultats

Vous n’avez pas pris ce quiz